[Event "Police Gniota Memorial 33rd"]
[Site "Police"]
[Date "2018.07.18"]
[Round "8"]
[White "Paprocki, Jaroslaw"]
[Black "Okon, Dariusz"]
[Result "1-0"]
[WhiteElo "2143"]
[BlackElo "2194"]
[PlyCount "67"]
[EventDate "2018.07.11"]
[EventType "swiss"]
[EventRounds "9"]
[EventCountry "POL"]
[SourceTitle "CBM 185 Extra"]
[Source "ChessBase"]
[SourceDate "2018.07.29"]
[SourceVersion "1"]
[SourceVersionDate "2018.07.29"]
[SourceQuality "1"]

1. d4 d5 2. c4 e6 3. Nc3 Nf6 4. cxd5 exd5 5. Bg5 Be7 6. Qc2 c6 7. e3 h6 8. Bh4 Ne4 9. Bxe7 Qxe7 10. Nxd5 cxd5 11. Qxc8+ Qd8 12. Bb5+ Nc6 13. Bxc6+ bxc6 14. Qxc6+ Ke7 15. Qb7+ Ke6 16. Ne2 g5 17. Qa6+ Nd6 18. 0-0 Rb8 19. b3 Rb5 20. Nc3 Ra5 21. Qd3 f5 22. a3 Qb6 23. b4 Qa6 24. b5 Nxb5 25. Nxd5 Kxd5 26. Qxf5+ Kc6 27. Rfc1+ Kb7 28. Qe4+ Kb8 29. Qe5+ Kb7 30. Qg7+ Kb6 31. Qxh8 Nxa3 32. Qb8+ Qb7 33. Qd6+ Kb5 34. Rc5+ 1-0

[Event "Police Gniota Memorial 33rd"]
[Site "Police"]
[Date "2018.07.17"]
[Round "7"]
[White "Okon, Dariusz"]
[Black "Dziodzio, Angelika"]
[Result "1-0"]
[WhiteElo "2194"]
[BlackElo "2126"]
[PlyCount "117"]
[EventDate "2018.07.11"]
[EventType "swiss"]
[EventRounds "9"]
[EventCountry "POL"]
[SourceTitle "CBM 185 Extra"]
[Source "ChessBase"]
[SourceDate "2018.07.29"]
[SourceVersion "1"]
[SourceVersionDate "2018.07.29"]
[SourceQuality "1"]

1. Nf3 g6 2. c4 c5 3. Nc3 Bg7 4. g3 Nc6 5. Bg2 e5 6. 0-0 Nge7 7. d3 0-0 8. Nd5 d6 9. e4 Rb8 10. Be3 h6 11. a3 f5 12. b4 b6 13. Rb1 Kh7 14. h3 Be6 15. Kh2 Ng8 16. Nh4 f4 17. Bd2 Rf7 18. bxc5 dxc5 19. Nf3 g5 20. g4 h5 21. Ng1 Nh6 22. f3 hxg4 23. hxg4 Qd7 24. Bh3 Kg6 25. Bc3 Rh8 26. Kg2 Bf8 27. Rf2 Rfh7 28. Kf1 Nf7 29. Bg2 Rh4 30. a4 Nh6 31. a5 bxa5 32. Rb5 Rxg4 33. fxg4 Nxg4 34. Re2 Nh2+ 35. Ke1 Bg4 36. Kd2 Bxe2 37. Qxe2 Rh4 38. Qf2 Nd4 39. Bxd4 cxd4 40. Kc1 Ba3+ 41. Kb1 Rh8 42. Ka2 Bb4 43. Kb3 Ng4 44. Qa2 Ne3 45. Nf3 Bd6 46. Nxe3 dxe3 47. Rxe5 Rb8+ 48. Kc2 Be7 49. Rxg5+ Kh6 50. Rg6+ Kh7 51. Qxa5 Bc5 52. Qa1 Qb7 53. Ra6 Qb3+ 54. Kc1 Bb6 55. Qf6 Rb7 56. Ng5+ Kg8 57. Bh3 Qb1+ 58. Kxb1 Bd4+ 59. Kc1 1-0

[Event "Police Gniota Memorial 33rd"]
[Site "Police"]
[Date "2018.07.11"]
[Round "1"]
[White "Okon, Dariusz"]
[Black "Golubka, Petr"]
[Result "0-1"]
[WhiteElo "2194"]
[BlackElo "2496"]
[PlyCount "68"]
[EventDate "2018.07.11"]
[EventType "swiss"]
[EventRounds "9"]
[EventCountry "POL"]
[SourceTitle "CBM 185 Extra"]
[Source "ChessBase"]
[SourceDate "2018.07.29"]
[SourceVersion "1"]
[SourceVersionDate "2018.07.29"]
[SourceQuality "1"]

1. Nf3 Nf6 2. c4 e6 3. Nc3 d5 4. d4 Be7 5. Bg5 h6 6. Bh4 0-0 7. e3 b6 8. cxd5 Nxd5 9. Bxe7 Qxe7 10. Rc1 Nf6 11. Be2 Bb7 12. 0-0 Rd8 13. Qb3 Nbd7 14. Rfd1 g6 15. h3 Kg7 16. Rd2 e5 17. Rcd1 exd4 18. Nxd4 Ne5 19. Ndb5 Rxd2 20. Rxd2 a6 21. Nd4 b5 22. Qd1 b4 23. Na4 c5 24. Nf3 Ne4 25. Rc2 Rd8 26. Qc1 Nxf3+ 27. Bxf3 c4 28. Nb6 c3 29. bxc3 Nxc3 30. Be2 Qf6 31. Nc4 Be4 32. Rd2 Nxe2+ 33. Rxe2 Rc8 34. Rd2 Qc3 0-1

[Event "Police Gniota Memorial 30th"]
[Site "Police"]
[Date "2015.07.13"]
[Round "7"]
[White "Zschaebitz, Klaus"]
[Black "Okon, Dariusz"]
[Result "1-0"]
[WhiteElo "2074"]
[BlackElo "2187"]
[PlyCount "145"]
[EventDate "2015.07.08"]
[EventType "swiss"]
[EventRounds "9"]
[EventCountry "POL"]
[SourceTitle "CBM 167 Extra"]
[Source "ChessBase"]
[SourceDate "2015.09.14"]
[SourceVersion "1"]
[SourceVersionDate "2015.09.14"]
[SourceQuality "1"]

1. c4 e6 2. g3 d5 3. Nf3 c6 4. Qc2 Nf6 5. Bg2 Bd6 6. d4 0-0 7. 0-0 Ne4 8. b3 Nd7 9. Ba3 Bxa3 10. Nxa3 a5 11. Rac1 Qe7 12. Nb1 f6 13. Nbd2 f5 14. Ne5 Nxe5 15. dxe5 Qc7 16. Nf3 g5 17. Qb2 Qg7 18. Rc2 Bd7 19. Ne1 f4 20. g4 b6 21. Bxe4 dxe4 22. Qd4 h5 23. Rd2 Be8 24. Qxe4 hxg4 25. Rd6 Qe7 26. c5 b5 27. f3 g3 28. Kg2 gxh2 29. Rh1 Rf5 30. Rxh2 Kg7 31. Nd3 Rc8 32. Nf2 Bg6 33. Qd4 Rf7 34. Ng4 Bf5 35. Nh6 Rc7 36. Nxf7 Qxf7 37. Kf2 b4 38. Rh1 Bh7 39. Rg1 Kh6 40. Qd1 Bf5 41. Rh1+ Kg6 42. Rd8 Kg7 43. Qg1 Qe7 44. Rd6 g4 45. fxg4 Be4 46. Rh5 Bg6 47. Rh3 Qg5 48. Rxe6 Bf7 49. Rh5 Bxh5 50. gxh5 Qxg1+ 51. Kxg1 Rd7 52. Rd6 Re7 53. e6 Kf6 54. Kf2 Rh7 55. h6 Ke5 56. Rxc6 Rxh6 57. e7 Rh2+ 58. Kg1 Rh8 59. Rd6 Re8 60. Rd7 Ke6 61. c6 Rg8+ 62. Kf2 Re8 63. Kf3 Rh8 64. Ke4 Re8 65. Kxf4 Rh8 66. Ke4 Rh4+ 67. Kd3 Rh8 68. e3 Re8 69. Kc4 Rh8 70. Kb5 Rh5+ 71. Ka4 Kf7 72. c7 Rc5 73. Rd8 1-0

[Event "Police Gniota Memorial 30th"]
[Site "Police"]
[Date "2015.07.12"]
[Round "5"]
[White "Okon, Dariusz"]
[Black "Jacek, Roksana"]
[Result "1-0"]
[WhiteElo "2187"]
[BlackElo "1904"]
[PlyCount "100"]
[EventDate "2015.07.08"]
[EventType "swiss"]
[EventRounds "9"]
[EventCountry "POL"]
[SourceTitle "CBM 167 Extra"]
[Source "ChessBase"]
[SourceDate "2015.09.14"]
[SourceVersion "1"]
[SourceVersionDate "2015.09.14"]
[SourceQuality "1"]

1. Nf3 Nf6 2. c4 d6 3. Nc3 e5 4. d4 exd4 5. Nxd4 Be7 6. g3 0-0 7. Bg2 c6 8. 0-0 a5 9. b3 Na6 10. Bb2 Nc5 11. e4 Re8 12. Re1 Bf8 13. h3 Qb6 14. Qc2 Bd7 15. Rad1 Rad8 16. Kh2 g6 17. f3 Bg7 18. Nde2 Bc8 19. Nf4 a4 20. bxa4 Qb4 21. Bf1 Ne6 22. Qb3 Qc5 23. Nxe6 Bxe6 24. Rd2 Nd7 25. Ba3 Qe5 26. Nd1 Nc5 27. Qc2 Qh5 28. Bg2 f5 29. Nf2 f4 30. g4 Qh4 31. e5 Bxg4 32. Qd1 Bf5 33. exd6 Qg3+ 34. Kh1 Rxe1+ 35. Qxe1 Bxh3 36. Qf1 Re8 37. Nxh3 Re1 38. Bxc5 Rxf1+ 39. Bxf1 Qe1 40. Rf2 Bf6 41. Nxf4 Qe5 42. Nd3 Qh5+ 43. Kg1 Bh4 44. d7 Qf5 45. Rh2 Bd8 46. Bd6 Qxd7 47. c5 Bf6 48. Ne5 Qf5 49. Ng4 Bd4+ 50. Kg2 h5 1-0

[Event "Police Gniota Memorial 30th"]
[Site "Police"]
[Date "2015.07.12"]
[Round "6"]
[White "Okon, Dariusz"]
[Black "Weichhold, Pawel"]
[Result "0-1"]
[WhiteElo "2187"]
[BlackElo "2418"]
[PlyCount "68"]
[EventDate "2015.07.08"]
[EventType "swiss"]
[EventRounds "9"]
[EventCountry "POL"]
[SourceTitle "CBM 167 Extra"]
[Source "ChessBase"]
[SourceDate "2015.09.14"]
[SourceVersion "1"]
[SourceVersionDate "2015.09.14"]
[SourceQuality "1"]

1. Nf3 Nf6 2. c4 g6 3. b4 Bg7 4. Bb2 0-0 5. e3 c6 6. Be2 d6 7. d4 a5 8. b5 cxb5 9. cxb5 Nbd7 10. 0-0 Nb6 11. Nbd2 Be6 12. e4 Rc8 13. d5 Bg4 14. Qb3 a4 15. Qb4 Rc2 16. Bd4 Bh6 17. Bd3 Bxd2 18. Nxd2 Nbxd5 19. exd5 Nxd5 20. Qxa4 Rxd2 21. Be4 e5 22. Ba7 Be6 23. Qa3 Qg5 24. Qc1 Rc8 25. Qa3 Rc4 26. Rfe1 b6 27. Qxd6 Nf4 28. Qb8+ Kg7 29. h4 Nh3+ 30. Kh2 Qf4+ 31. Kh1 Nxf2+ 32. Kg1 Ng4 33. Qxb6 Qh2+ 34. Kf1 Qh1+ 0-1

[Event "Police Gniota Memorial 30th"]
[Site "Police"]
[Date "2015.07.11"]
[Round "4"]
[White "Schmidt, Wlodzimierz"]
[Black "Okon, Dariusz"]
[Result "1/2-1/2"]
[WhiteElo "2332"]
[BlackElo "2187"]
[PlyCount "31"]
[EventDate "2015.07.08"]
[EventType "swiss"]
[EventRounds "9"]
[EventCountry "POL"]
[SourceTitle "CBM 167 Extra"]
[Source "ChessBase"]
[SourceDate "2015.09.14"]
[SourceVersion "1"]
[SourceVersionDate "2015.09.14"]
[SourceQuality "1"]

1. c4 Nf6 2. Nf3 e6 3. g3 d5 4. Bg2 c5 5. 0-0 Nc6 6. d4 dxc4 7. dxc5 Qxd1 8. Rxd1 Bxc5 9. Nbd2 Ng4 10. Ne4 Be7 11. h3 Nf6 12. Ned2 c3 13. bxc3 0-0 14. Nc4 Nd5 15. Bb2 Rb8 16. Rac1 1/2-1/2

[Event "Police Gniota Memorial 26th"]
[Site "Police"]
[Date "2011.07.09"]
[Round "6"]
[White "Jacek, Roksana"]
[Black "Okon, Dariusz"]
[Result "0-1"]
[WhiteElo "1807"]
[BlackElo "2200"]
[PlyCount "102"]
[EventDate "2011.07.05"]
[EventType "swiss"]
[EventRounds "9"]
[EventCountry "POL"]
[SourceTitle "CBM 143 Extra"]
[Source "ChessBase"]
[SourceDate "2011.08.29"]
[SourceVersion "1"]
[SourceVersionDate "2011.08.29"]
[SourceQuality "1"]

1. e4 d5 2. exd5 Qxd5 3. Nc3 Qa5 4. d4 Nf6 5. Nf3 c6 6. Bc4 Bg4 7. h3 Bh5 8. g4 Bg6 9. Ne5 e6 10. Nxg6 hxg6 11. g5 Nd5 12. Qf3 Rh4 13. Bxd5 cxd5 14. Qd3 Nc6 15. Be3 e5 16. Bd2 Rxd4 17. Qe3 Bb4 18. 0-0 Rxd2 19. Qxd2 d4 20. Rad1 Qa6 21. a3 Ba5 22. b4 dxc3 23. Qd7+ Kf8 24. bxa5 Nd4 25. Qd5 Qe2 26. Qxb7 Rd8 27. Kg2 Qxc2 28. Rc1 Qd2 29. Qb4+ Kg8 30. Qxc3 Qxg5+ 31. Qg3 Qe7 32. Rce1 Re8 33. a6 Qc5 34. Qd3 Qc6+ 35. f3 Ne6 36. Kh2 Nf4 37. Qd2 Qc8 38. Rf2 Qxh3+ 39. Kg1 Qg3+ 40. Kf1 Nh3 41. f4 e4 42. Qe3 Qxf2+ 43. Qxf2 Nxf2 44. Kxf2 Re6 45. Re3 f5 46. Rb3 Rxa6 47. Ke3 Rd6 48. Rb8+ Kh7 49. a4 Rd3+ 50. Ke2 Ra3 51. Rb4 Kh6 0-1

[Event "Police Gniota Memorial 26th"]
[Site "Police"]
[Date "2011.07.06"]
[Round "2"]
[White "Korbal, Arkadiusz"]
[Black "Okon, Dariusz"]
[Result "1/2-1/2"]
[WhiteElo "2052"]
[BlackElo "2200"]
[PlyCount "169"]
[EventDate "2011.07.05"]
[EventType "swiss"]
[EventRounds "9"]
[EventCountry "POL"]
[SourceTitle "CBM 143 Extra"]
[Source "ChessBase"]
[SourceDate "2011.08.29"]
[SourceVersion "1"]
[SourceVersionDate "2011.08.29"]
[SourceQuality "1"]

1. d4 d5 2. c4 e6 3. Nf3 Nf6 4. g3 c6 5. Qc2 Nbd7 6. Bg2 Bd6 7. 0-0 0-0 8. b3 Ne4 9. Bb2 f5 10. Nc3 Ndf6 11. e3 Bd7 12. Nd2 Be8 13. f3 Nxc3 14. Bxc3 Rc8 15. Qb2 Qe7 16. Rae1 b5 17. c5 Bc7 18. e4 fxe4 19. fxe4 Bg6 20. e5 Ng4 21. h3 Nh6 22. g4 Bd3 23. Rxf8+ Rxf8 24. Re3 Bg6 25. Nf1 Bd8 26. Qe2 Nf7 27. Ng3 h6 28. Rf3 Qe8 29. Be1 Bg5 30. Rf1 Qd8 31. Nh1 a5 32. Nf2 b4 33. Nd3 Nh8 34. Rxf8+ Qxf8 35. Bg3 Bh7 36. h4 Be7 37. Nf4 Qc8 38. Bf1 Ng6 39. Ng2 Nf8 40. Qa6 Qxa6 41. Bxa6 Bb1 42. Bb7 Bxa2 43. Bxc6 Bxb3 44. Be1 Bd8 45. Kf2 Bd1 46. Kg3 b3 47. Bc3 Ng6 48. h5 Ne7 49. Bd7 Kf7 50. Nf4 a4 51. Bb2 Ba5 52. Bxa4 Be1+ 53. Kh3 Bd2 54. Nd3 g6 55. hxg6+ Kxg6 56. c6 Kg5 57. Nf2 Be2 58. c7 Ba5 59. Kg3 Kg6 60. Bd7 Bxc7 61. Bxe6 Ba5 62. Ba3 Nc6 63. Bxd5 Nxd4 64. Bb2 Bb6 65. Nh3 Bb5 66. Nf4+ Kh7 67. e6 Be8 68. Kh3 Bc5 69. Nd3 Bb6 70. Ne5 Nb5 71. Be4+ Kg8 72. Nf3 Nc7 73. Bf5 Nd5 74. Ne5 Bd8 75. Nd7 Bxd7 76. exd7 Kf7 77. Kg3 Ke7 78. Ba3+ Kf6 79. Bb2+ Kf7 80. Kf3 Nb6 81. Bd3 Ke7 82. Bb5 Nxd7 83. Ba3+ Ke6 84. Bc4+ Kf6 85. Bb2+ 1/2-1/2

[Event "Police Gniota Memorial 26th"]
[Site "Police"]
[Date "2011.07.05"]
[Round "1"]
[White "Okon, Dariusz"]
[Black "Vysochin, Spartak"]
[Result "0-1"]
[WhiteElo "2200"]
[BlackElo "2552"]
[PlyCount "50"]
[EventDate "2011.07.05"]
[EventType "swiss"]
[EventRounds "9"]
[EventCountry "POL"]
[SourceTitle "CBM 143 Extra"]
[Source "ChessBase"]
[SourceDate "2011.08.29"]
[SourceVersion "1"]
[SourceVersionDate "2011.08.29"]
[SourceQuality "1"]

1. Nf3 d5 2. b4 Qd6 3. a3 a5 4. bxa5 e5 5. Bb2 Nc6 6. e3 Rxa5 7. c4 d4 8. d3 Nf6 9. Nbd2 dxe3 10. fxe3 Ng4 11. Nb3 Ra6 12. e4 f5 13. exf5 Bxf5 14. Qe2 Be7 15. h3 Nf6 16. Nxe5 0-0 17. g4 Ne4 18. gxf5 Ng3 19. Qg4 Nxe5 20. Qxg3 Bh4 21. Rg1 Nxd3+ 22. Bxd3 Bxg3+ 23. Kd2 Rd8 24. Nc1 Rb6 25. Kc2 Rxb2+ 0-1

[Event "Police Gniota Memorial 25th"]
[Site "Police"]
[Date "2010.07.12"]
[Round "6"]
[White "Kula, Robert"]
[Black "Okon, Dariusz"]
[Result "0-1"]
[WhiteElo "2368"]
[BlackElo "2192"]
[PlyCount "58"]
[EventDate "2010.07.07"]
[EventType "swiss"]
[EventRounds "9"]
[EventCountry "POL"]
[SourceTitle "EXT 2011"]
[Source "ChessBase"]
[SourceDate "2010.11.26"]
[SourceVersion "1"]
[SourceVersionDate "2010.11.26"]
[SourceQuality "1"]

1. Nf3 d5 2. b3 Nf6 3. Bb2 Bg4 4. h3 Bxf3 5. exf3 c5 6. d4 e6 7. Bd3 cxd4 8. Bxd4 Nc6 9. Bb2 Bb4+ 10. c3 Bd6 11. g3 Qb6 12. Nd2 h5 13. h4 0-0-0 14. Qe2 Kb8 15. a4 a5 16. b4 d4 17. Nc4 Qc7 18. b5 dxc3 19. Bxc3 Bb4 20. Rc1 Nd4 21. Qd1 Nd5 22. Bd2 Bxd2+ 23. Kxd2 Qc5 24. Rb1 Nb4 25. Nb2 Nxf3+ 26. Qxf3 Qc2+ 27. Ke3 Rxd3+ 28. Nxd3 Qxd3+ 29. Kf4 e5+ 0-1

[Event "Police Gniota Memorial 23rd"]
[Site "Police"]
[Date "2008.07.14"]
[Round "7"]
[White "Okon, Dariusz"]
[Black "Issel, Oliver"]
[Result "1-0"]
[WhiteElo "2206"]
[BlackElo "2118"]
[PlyCount "51"]
[EventDate "2008.07.09"]
[EventType "swiss"]
[EventRounds "9"]
[EventCountry "POL"]
[SourceTitle "CBM 125 Extra"]
[Source "ChessBase"]
[SourceDate "2008.09.01"]
[SourceVersion "1"]
[SourceVersionDate "2008.09.01"]
[SourceQuality "1"]

1. Nf3 f5 2. c4 Nf6 3. Nc3 d6 4. d4 g6 5. g3 Bg7 6. Bg2 0-0 7. 0-0 Qe8 8. b3 Na6 9. Bb2 c6 10. e3 Rb8 11. Rc1 b5 12. Qe2 Nc7 13. Rfd1 h6 14. Ba1 g5 15. a3 f4 16. exf4 gxf4 17. Re1 fxg3 18. hxg3 Bg4 19. Qxe7 Qh5 20. Nh4 Nfe8 21. Qe3 Bf6 22. Nf3 Ng7 23. Ne4 Rbc8 24. Nh2 Bg5 25. f4 Nf5 26. Qc3 1-0

[Event "Police Gniota Memorial 23rd"]
[Site "Police"]
[Date "2008.07.13"]
[Round "6"]
[White "Chlost, Marlena"]
[Black "Okon, Dariusz"]
[Result "1/2-1/2"]
[WhiteElo "2131"]
[BlackElo "2206"]
[PlyCount "174"]
[EventDate "2008.07.09"]
[EventType "swiss"]
[EventRounds "9"]
[EventCountry "POL"]
[SourceTitle "CBM 125 Extra"]
[Source "ChessBase"]
[SourceDate "2008.09.01"]
[SourceVersion "1"]
[SourceVersionDate "2008.09.01"]
[SourceQuality "1"]

1. e4 Nc6 2. Nf3 d6 3. d4 Bg4 4. c3 Nf6 5. Bd3 e6 6. Nbd2 Be7 7. h3 Bh5 8. Nf1 d5 9. Ng3 Bg6 10. e5 Ne4 11. Bxe4 dxe4 12. Nd2 Qd5 13. Qe2 e3 14. fxe3 Bh4 15. Kf2 f6 16. e4 Qd8 17. Qg4 0-0 18. Qxe6+ Kh8 19. Nf3 fxe5 20. dxe5 Bxe4 21. Re1 Qd3 22. Qg4 Nxe5 23. Qxe4 Rae8 24. Qxh4 Nxf3 25. Rxe8 Qc2+ 26. Ke3 Rxe8+ 27. Kxf3 Qd1+ 28. Kf2 Qe1+ 29. Kf3 Rf8+ 30. Bf4 Qxa1 31. Qe7 Kg8 32. Qe6+ Kh8 33. Qe7 Kg8 34. Qe6+ Kh8 35. Ne2 Qxb2 36. Kg3 Qb5 37. Nd4 Qd3+ 38. Kh2 Qg6 39. Qe7 Qf7 40. Qxf7 Rxf7 41. Kg3 a6 42. Ne6 Rf5 43. Bxc7 Kg8 44. Bf4 Ra5 45. a4 Rxa4 46. Nc5 Rc4 47. Nxb7 Rxc3+ 48. Kf2 Rb3 49. Nc5 Rb2+ 50. Ke3 a5 51. g3 h6 52. h4 Kf7 53. Kd3 Kg6 54. Be5 Rb1 55. Bc3 Rg1 56. Bxa5 Rxg3+ 57. Ke2 Kh5 58. Bd8 Rc3 59. Be7 Kg4 60. Ne6 Rc6 61. Nxg7 Rg6 62. Bf8 Rf6 63. Bc5 Rf7 64. Ne6 Kxh4 65. Be3 h5 66. Nd4 Rf8 67. Nf3+ Kg3 68. Bf2+ Kh3 69. Nh4 Kg4 70. Kf1 Kh3 71. Ke2 Ra8 72. Kf1 Ra2 73. Ke1 Ra1+ 74. Ke2 Kg4 75. Ng6 Kf5 76. Nh4+ Ke4 77. Ng6 Ra2+ 78. Kf1 Kf5 79. Nh4+ Kg4 80. Ng6 Kh3 81. Nh4 Ra6 82. Ke2 Rc6 83. Kf1 Re6 84. Nf5 h4 85. Nxh4 Rf6 86. Ke2 Rxf2+ 87. Kxf2 Kxh4 1/2-1/2

[Event "Police Gniota Memorial 23rd"]
[Site "Police"]
[Date "2008.07.12"]
[Round "5"]
[White "Okon, Dariusz"]
[Black "Gosciniak, Maria"]
[Result "1/2-1/2"]
[WhiteElo "2206"]
[BlackElo "2096"]
[PlyCount "246"]
[EventDate "2008.07.09"]
[EventType "swiss"]
[EventRounds "9"]
[EventCountry "POL"]
[SourceTitle "CBM 125 Extra"]
[Source "ChessBase"]
[SourceDate "2008.09.01"]
[SourceVersion "1"]
[SourceVersionDate "2008.09.01"]
[SourceQuality "1"]

1. Nf3 g6 2. d4 Bg7 3. Bf4 c5 4. c3 b6 5. dxc5 Nc6 6. cxb6 Qxb6 7. Qb3 Qc5 8. Nbd2 Nf6 9. e4 Ng4 10. Bg3 0-0 11. Qb5 Qxb5 12. Bxb5 Bb7 13. 0-0 d6 14. Rfe1 Rab8 15. h3 Nge5 16. Bf1 Ba8 17. Rab1 a5 18. Nxe5 Nxe5 19. Bxe5 dxe5 20. b4 axb4 21. cxb4 Rfd8 22. Nc4 Rd4 23. f3 Bc6 24. Na5 Ba4 25. b5 Rd7 26. Re2 Rd6 27. Reb2 Bh6 28. Kf2 f5 29. b6 fxe4 30. fxe4 Bd2 31. Nc4 Rf6+ 32. Kg1 Bc3 33. Re2 Rc6 34. Ne3 Rcxb6 35. Rxb6 Rxb6 36. Kh2 Bd4 37. Re1 e6 38. Nc4 Rb8 39. Be2 Kf7 40. Bd3 Ke7 41. Re2 Bb5 42. Rc2 h5 43. h4 Ba4 44. Rc1 Ra8 45. Kh3 Ra7 46. g4 Bb5 47. Rc2 hxg4+ 48. Kxg4 Ba4 49. Rc1 Be8 50. Rc2 Ba4 51. Rg2 Kf6 52. Kh3 Bc6 53. Kg3 Ra4 54. Kf3 Ra8 55. Rc2 Ba4 56. Rc1 Bd7 57. Rc2 Ba4 58. Rh2 Bd1+ 59. Kg3 Rh8 60. Bc2 Bxc2 61. Rxc2 Ra8 62. Kf3 Ra4 63. Ke2 g5 64. hxg5+ Kxg5 65. Kd3 Kf4 66. a3 Ra8 67. Rc1 Bc5 68. Rf1+ Kg5 69. Nxe5 Rxa3+ 70. Kc4 Be7 71. Rf7 Bf6 72. Nd7 Ba1 73. Nc5 Rc3+ 74. Kb4 Re3 75. Nxe6+ Kg6 76. Rf4 Be5 77. Rg4+ Kf6 78. Ng5 Rg3 79. Nh7+ Kf7 80. Rh4 Kg7 81. Kc4 Rg6 82. Rh5 Bf6 83. Kd5 Be7 84. Re5 Rd6+ 85. Kc4 Kxh7 86. Rxe7+ Kg8 87. Kc5 Ra6 88. Kd5 Kf8 89. Re6 Ra5+ 90. Kd6 Ra6+ 91. Ke5 Ra1 92. Rc6 Rh1 93. Kd5 Ke7 94. Rc7+ Ke8 95. Rg7 Rh5+ 96. Ke6 Rh6+ 97. Kf5 Rh4 98. Rg6 Ke7 99. Re6+ Kd7 100. Rg6 Ke7 101. Rg5 Kf7 102. Ke5 Ke7 103. Kd5 Kd7 104. Rg7+ Ke8 105. Rg6 Kd7 106. Ra6 Rh5+ 107. e5 Rh1 108. Ra7+ Ke8 109. Kd6 Re1 110. Ke6 Kd8 111. Ra8+ Kc7 112. Re8 Rh1 113. Rf8 Rh6+ 114. Ke7 Rh7+ 115. Rf7 Rh5 116. e6 Rh8 117. Rg7 Kc8 118. Rf7 Kc7 119. Rg7 Kc8 120. Rf7 Kc7 121. Rf8 Rh7+ 122. Rf7 Rh8 123. Rg7 Kc8 1/2-1/2

[Event "Police Gniota Memorial 23rd"]
[Site "Police"]
[Date "2008.07.11"]
[Round "3"]
[White "Jacek, Krystian"]
[Black "Okon, Dariusz"]
[Result "1/2-1/2"]
[WhiteElo "1987"]
[BlackElo "2206"]
[PlyCount "119"]
[EventDate "2008.07.09"]
[EventType "swiss"]
[EventRounds "9"]
[EventCountry "POL"]
[SourceTitle "CBM 125 Extra"]
[Source "ChessBase"]
[SourceDate "2008.09.01"]
[SourceVersion "1"]
[SourceVersionDate "2008.09.01"]
[SourceQuality "1"]

1. e4 b6 2. d4 Bb7 3. Nc3 e6 4. Nf3 Nf6 5. Bd3 Bb4 6. Bg5 h6 7. Bxf6 Qxf6 8. a3 Bxc3+ 9. bxc3 0-0 10. 0-0 d6 11. c4 e5 12. c3 c5 13. d5 Bc8 14. Nd2 Nd7 15. a4 a5 16. Rb1 Rb8 17. Nb3 Qg5 18. Qd2 Qe7 19. Nc1 Nf6 20. Ne2 Bd7 21. Bc2 g5 22. Ng3 Qe8 23. Ra1 Kg7 24. f3 Rg8 25. h3 Kf8 26. Kf2 Ke7 27. Ke1 Kd8 28. Kd1 Kc7 29. Kc1 h5 30. Kb2 h4 31. Ne2 Nh5 32. Ka3 Nf4 33. Nxf4 gxf4 34. Rf2 Rg3 35. Re1 Qe7 36. Bd3 Qg5 37. Qc2 Rg8 38. Ree2 Qh5 39. Qb3 Rb8 40. Qc2 f6 41. Rd2 Rg7 42. Rde2 Qg5 43. Qb1 Qg3 44. Qf1 Rbg8 45. Rb2 Qg6 46. Qb1 Rb8 47. Rbe2 Kb7 48. Rb2 Ka7 49. Rbe2 Qe8 50. Qd1 Rg3 51. Rd2 Rb7 52. Rb2 Qc8 53. Qg1 Be8 54. Qb1 Qd7 55. Qd1 Rg5 56. Rbe2 Bg6 57. Qc2 Rb8 58. Qb1 Rg8 59. Rb2 Be8 60. Qd1 1/2-1/2